[Event "Stroud Open"]
[Site "?"]
[Date "2001.05.26"]
[Round "1.4"]
[White "Taylor, Geoff P"]
[Black "Devereaux, Max"]
[Result "0-1"]
[WhiteElo "162"]
[BlackElo "205"]
[PlyCount "102"]
[EventDate "2001.05.28"]

1. e4 c5 2. Nf3 Nc6 3. d4 cxd4 4. Nxd4 Nf6 5. Nc3 e5 6. Ndb5 d6 7. Nd5 Nxd5 8.
exd5 Nb8 9. c4 Be7 10. Be2 a6 11. Nc3 O-O 12. O-O f5 13. a4 a5 14. Nb5 Na6 15.
Bd2 Bd7 16. Qc2 b6 17. Ra3 Nc5 18. f4 Bxb5 19. axb5 e4 20. Be3 Nb7 21. Kh1 Bf6
22. Rg1 Kh8 23. g4 g6 24. g5 Bg7 25. h4 Rc8 26. h5 Kg8 27. h6 Bh8 28. Rd1 Rf7
29. Bf1 Qc7 30. Qf2 Nc5 31. Bxc5 Qxc5 32. Qxc5 Rxc5 33. b4 axb4 34. Ra6 Rc8 35.
Rxb6 Rd7 36. Rc6 Ra8 37. c5 b3 38. Ra6 Rxa6 39. bxa6 dxc5 40. Bb5 Rd8 41. d6 b2
42. a7 Bd4 43. Bc4+ Kf8 44. Bd5 e3 45. d7 e2 46. Rb1 Bc3 47. a8=Q Rxa8 48. Bxa8
Ke7 49. Bd5 e1=Q+ 50. Rxe1+ Bxe1 51. Ba2 Bg3 0-1

[Event "Stroud Open"]
[Site "?"]
[Date "2001.05.26"]
[Round "1.7"]
[White "Saunders, W N."]
[Black "Price, A."]
[Result "1/2-1/2"]
[WhiteElo "180"]
[BlackElo "149"]
[PlyCount "194"]
[EventDate "2001.05.28"]

1. Nf3 d5 2. d4 Nf6 3. Bg5 Nbd7 4. e3 e6 5. Bd3 c6 6. Nbd2 Qb6 7. Rb1 c5 8. c3
Bd6 9. O-O O-O 10. Qc2 Re8 11. dxc5 Qxc5 12. e4 dxe4 13. Nxe4 Nxe4 14. Bxe4 h6
15. b4 Qc7 16. Be3 Nf6 17. c4 Nxe4 18. Qxe4 f5 19. Qc2 e5 20. h3 f4 21. Bd2 Be6
22. c5 b6 23. Rfc1 Rac8 24. Qe4 bxc5 25. bxc5 Bxc5 26. Rb5 Qd6 27. Qxe5 Qxe5
28. Nxe5 Bb6 29. Rxc8 Rxc8 30. Bxf4 Bxa2 31. Nd7 Bd4 32. Rb4 Rc4 33. Rb8+ Kf7
34. Ne5+ Bxe5 35. Bxe5 Rc1+ 36. Kh2 Bd5 37. Rd8 Bc6 38. Rc8 g6 39. Rc7+ Ke6 40.
Bf4 Rc2 41. Bxh6 a5 42. Be3 a4 43. Ra7 Ke5 44. h4 Rc3 45. g4 a3 46. h5 gxh5 47.
gxh5 Be4 48. h6 Kd5 49. Kg3 Bb1 50. h7 Rc8 51. Ra5+ Ke6 52. Rxa3 Bxh7 53. Bg5
Rc5 54. Ra6+ Kf5 55. Be3 Rd5 56. Rh6 Bg6 57. f3 Rb5 58. Rh4 Ke6 59. Ra4 Rd5 60.
f4 Kf5 61. Ra7 Ke6 62. Kf3 Kf5 63. Ra4 Rb5 64. Rc4 Rd5 65. Bd4 Rb5 66. Ke3 Rd5
67. Rc6 Bh7 68. Rf6+ Kg4 69. Rh6 Bf5 70. Rh1 Rb5 71. Rg1+ Kh5 72. Rg5+ Kh6 73.
Bg7+ Kh7 74. Kd4 Bd7 75. Be5 Kh6 76. Ke4 Be8 77. Kf5 Bd7+ 78. Kf6 Rb6+ 79. Ke7
Bc8 80. Rg8 Rc6 81. Bd6 Bf5 82. Rg5 Bc8 83. Rg1 Kh5 84. Be5 Rg6 85. Rh1+ Kg4
86. Kf7 Rc6 87. Rg1+ Kf5 88. Rg5+ Ke4 89. Ke7 Bf5 90. Bd6 Ra6 91. Rg8 Rc6 92.
Rb8 Ra6 93. Rb4+ Kd5 94. Rb5+ Ke4 95. Re5+ Kxf4 96. Ra5+ Rxd6 97. Kxd6 Kg5
1/2-1/2

[Event "Stroud Open"]
[Site "?"]
[Date "2001.05.26"]
[Round "1.8"]
[White "Borkowski, Andrew"]
[Black "Young, A."]
[Result "1/2-1/2"]
[WhiteElo "141"]
[BlackElo "174"]
[PlyCount "55"]
[EventDate "2001.05.28"]

1. b3 Nf6 2. Bb2 e6 3. e3 c5 4. Nf3 Nc6 5. c4 Be7 6. Nc3 O-O 7. d4 cxd4 8. exd4
d5 9. Be2 b6 10. O-O Bb7 11. Re1 Rc8 12. cxd5 Nxd5 13. Nxd5 Qxd5 14. Bc4 Qh5
15. Ne5 Qxd1 16. Rexd1 Rfd8 17. f4 a6 18. Nxc6 Rxc6 19. Rac1 Bf6 20. Kf2 Rdc8
21. Ke3 b5 22. Bf1 Rc2 23. Rxc2 Rxc2 24. Rd2 Rc7 25. Bd3 g6 26. Be4 Bd5 27. g3
b4 28. Rc2 1/2-1/2

[Event "Stroud Open"]
[Site "?"]
[Date "2001.05.26"]
[Round "1.3"]
[White "Sherwin, James"]
[Black "Ponter, Ian"]
[Result "1/2-1/2"]
[WhiteElo "208"]
[BlackElo "162"]
[PlyCount "78"]
[EventDate "2001.05.28"]

1. d4 d5 2. Bg5 c6 3. Nf3 Qb6 4. Qc1 Bf5 5. e3 Nd7 6. c4 Ngf6 7. Nc3 e6 8. c5
Qd8 9. h3 Be7 10. Bf4 Ne4 11. b4 g5 12. Bh2 h5 13. Nxe4 Bxe4 14. Nd2 Bg6 15.
Qc3 f5 16. Bd3 Kf7 17. Rb1 a6 18. a4 Kg7 19. f3 Kh6 20. O-O Bf6 21. b5 axb5 22.
axb5 Re8 23. f4 g4 24. hxg4 hxg4 25. Bg3 Bh4 26. Kf2 Bxg3+ 27. Kxg3 Kg7 28. Rh1
Rh8 29. Kf2 Ra2 30. Ra1 Rxh1 31. Rxh1 Qa8 32. g3 Nf6 33. b6 Ne4+ 34. Bxe4 fxe4
35. Qb4 Ra4 36. Qc3 Ra2 37. Qb4 Ra4 38. Qc3 Ra2 39. Qb4 Ra4 {Draw by Repetition
} 1/2-1/2

[Event "Stroud Open"]
[Site "?"]
[Date "2001.05.26"]
[Round "1.1"]
[White "Turner, Mathew"]
[Black "Bolt, Graham"]
[Result "1-0"]
[WhiteElo "238"]
[BlackElo "166"]
[PlyCount "39"]
[EventDate "2001.05.28"]

1. c4 e5 2. g3 Nf6 3. Bg2 d5 4. cxd5 Nxd5 5. Nf3 Nc6 6. O-O Be7 7. d4 {4 min
}
7... e4 {10 min} 8. Ne5 Nxe5 9. dxe5 f5 10. exf6 Nxf6 11. Qb3 Qd6 12. Nc3 Qc6
13. Bg5 Be6 14. Qc2 {7 min} 14... Bd5 {40 min} 15. Rac1 h6 16. Bxf6 Bxf6 17.
Nxd5 Qxd5 18. Bxe4 Qe5 19. Bg6+ Ke7 20. Qxc7+ 1-0

[Event "Stroud Open"]
[Site "?"]
[Date "2001.05.26"]
[Round "1.2"]
[White "Lappage, Jonathan"]
[Black "Berry, S."]
[Result "0-1"]
[WhiteElo "165"]
[BlackElo "219"]
[PlyCount "90"]
[EventDate "2001.05.28"]

1. e4 e5 2. Nf3 Nc6 3. Bb5 g6 4. O-O Bg7 5. c3 a6 6. Bc4 d6 7. h3 Nf6 8. Re1
O-O 9. d3 Na5 10. Bb3 Nxb3 11. axb3 Bd7 12. Nbd2 Qe7 13. Nc4 Rae8 14. Bd2 Qd8
15. Qc1 Nh5 16. g4 Nf6 17. Bh6 Kh8 18. Qg5 Bxh6 19. Qxh6 Ng8 20. Qh4 Qxh4 21.
Nxh4 Ne7 22. f3 f5 23. Re2 Rf7 24. Ne3 Ref8 25. Rf2 Be6 26. b4 fxe4 27. dxe4
Kg7 28. Rd1 Bb3 29. Re1 Nc6 30. Kg2 Nd8 31. Kg3 Ne6 32. Ree2 b5 33. Neg2 Ng5
34. Rd2 Rxf3+ 35. Nxf3 Nxe4+ 36. Kh2 Nxd2 37. Nxd2 Rxf2 38. Nxb3 Rxb2 39. Na5
Rc2 40. Nc6 Rxc3 41. Nb8 c5 42. Nxa6 Ra3 43. Nc7 cxb4 44. Nxb5 Ra6 45. Nc7 b3
0-1

[Event "Stroud Open"]
[Site "?"]
[Date "2001.05.26"]
[Round "1.5"]
[White "Curnow, D."]
[Black "Garcia, J."]
[Result "1-0"]
[WhiteElo "193"]
[BlackElo "159"]
[PlyCount "51"]
[EventDate "2001.05.28"]
[Source "David Tipper"]
[SourceDate "2001.01.01"]

1. e4 c5 2. Nf3 e6 3. d4 cxd4 4. Nxd4 a6 5. Bd3 Bc5 6. Nb3 Ba7 7. Nc3 d6 8. Qe2
Nc6 9. Be3 Nf6 10. O-O-O b5 11. Bxa7 Rxa7 12. f4 b4 13. Na4 e5 14. f5 O-O 15.
g4 Qc7 16. g5 Ne8 17. Bc4 Kh8 18. Rhf1 Na5 19. Nxa5 Qxa5 20. Rd3 f6 21. g6 h6
22. Rh3 d5 23. Bxd5 Nd6 24. Qe3 Nf7 25. Qxa7 Ng5 26. Rxh6+ 1-0

[Event "Stroud Open"]
[Site "?"]
[Date "2001.05.26"]
[Round "1.6"]
[White "Beveridge, Nigel"]
[Black "Hosken, N."]
[Result "0-1"]
[WhiteElo "153"]
[BlackElo "182"]
[PlyCount "114"]
[EventDate "2001.05.28"]

1. d4 d6 2. e4 g6 3. c4 Bg7 4. Nc3 Nd7 5. Be3 e5 6. d5 Ne7 7. Bd3 O-O 8. Nge2
f5 9. f3 Rf7 10. Qd2 f4 11. Bf2 Bf8 12. a3 a5 13. Rb1 g5 14. b4 axb4 15. axb4
Ng6 16. Qc2 h5 17. Nc1 Rg7 18. Be2 g4 19. fxg4 Nh4 20. Rg1 hxg4 21. g3 fxg3 22.
hxg3 Nf3+ 23. Bxf3 gxf3 24. Nd1 Nf6 25. Ne3 Ng4 26. Nxg4 Bxg4 27. Nd3 Rh7 28.
Be3 Qf6 29. Nf2 Qg6 30. Kd2 Bh6 31. Bxh6 Rxh6 32. Kc3 Qg5 33. Qc1 Qxc1+ 34.
Rgxc1 Bd7 35. Rh1 Rg6 36. g4 Bxg4 37. Rh4 Bd7 38. Rbh1 Ra2 39. Rh8+ Kf7 40.
R1h7+ Rg7 41. Rh2 Ke7 42. R8h7 Rxh7 43. Rxh7+ Kf6 44. Nd3 Ba4 45. Nb2 Ra3+ 46.
Kd2 Be8 47. Nd3 Bg6 48. Rxc7 Bxe4 49. Nf2 Ra2+ 50. Ke1 Bf5 51. c5 e4 52. Nd1
Re2+ 53. Kf1 Bh3+ 54. Kg1 Re1+ 55. Kf2 Rxd1 56. c6 bxc6 57. dxc6 Rd2+ 0-1

[Event "Stroud Open"]
[Site "?"]
[Date "2001.05.26"]
[Round "1.9"]
[White "Deva, C."]
[Black "Abbott, M."]
[Result "1-0"]
[WhiteElo "173"]
[BlackElo "140"]
[PlyCount "69"]
[EventDate "2001.05.28"]
[Source "David Tipper"]
[SourceDate "2001.01.01"]

1. d4 Nf6 2. Bg5 g6 3. Bxf6 exf6 4. c4 f5 5. Nc3 d6 6. e3 Nd7 7. g3 Nf6 8. Bg2
h5 9. h4 Bh6 10. Nge2 O-O 11. Qc2 Rb8 12. a4 Be6 13. d5 Bd7 14. b4 Ng4 15. Nf4
Qe7 16. O-O Bg7 17. Rac1 Bxc3 18. Qxc3 Bxa4 19. b5 a6 20. bxa6 bxa6 21. Ra1 Qd7
22. Qa3 Bb3 23. Rfc1 Ne5 24. Bf1 Nf3+ 25. Kg2 Nd2 26. Rc3 Rb6 27. Be2 Qe7 28.
f3 Rfb8 29. Qc1 Nxc4 30. Bxc4 Bxc4 31. Rxc4 Rb3 32. Rxc7 Qxe3 33. Qxe3 Rxe3 34.
Rc2 Rbb3 35. Rxa6 1-0

[Event "Stroud Open"]
[Site "?"]
[Date "2001.05.26"]
[Round "1.11"]
[White "White, S M."]
[Black "McFarlane, P."]
[Result "1-0"]
[WhiteElo "168"]
[BlackElo "112"]
[PlyCount "71"]
[EventDate "2001.05.28"]
[Source "David Tipper"]
[SourceDate "2001.01.01"]

1. d4 f5 2. c4 Nf6 3. Nc3 d6 4. Nf3 g6 5. g3 Bg7 6. Bg2 O-O 7. Qb3 h6 8. Nh4
Kh7 9. Bxb7 Bxb7 10. Qxb7 Nbd7 11. Nb5 c5 12. Nf3 Nb6 13. dxc5 Nxc4 14. Nfd4
dxc5 15. Ne6 Qa5+ 16. Kf1 Rab8 17. Nxf8+ Rxf8 18. Nxa7 Ne4 19. Nc6 Ncd2+ 20.
Kg2 Qa4 21. Bxd2 Nxd2 22. Nxe7 Rf7 23. Rhd1 Qe8 24. Rxd2 Rxe7 25. Qf3 c4 26.
Rad1 Qb5 27. Rd8 Qxb2 28. Qd5 h5 29. Qg8+ Kh6 30. Qxc4 Rxe2 31. Qf4+ Kh7 32.
R1d2 Qb7+ 33. Qf3 Re7 34. Qxb7 Rxb7 35. R8d7 Rxd7 36. Rxd7 1-0

[Event "Stroud Open"]
[Site "?"]
[Date "2001.05.26"]
[Round "2.2"]
[White "Berry, S."]
[Black "Deva, C."]
[Result "1-0"]
[WhiteElo "173"]
[BlackElo "219"]
[PlyCount "59"]
[EventDate "2001.05.28"]

1. e4 e5 2. Nf3 Nf6 3. Nxe5 d6 4. Nxf7 Kxf7 5. d4 Bg4 6. f3 Be6 7. Nc3 Be7 8.
f4 g6 9. Be2 d5 10. e5 Ne4 11. Nxe4 dxe4 12. O-O Kg7 13. c4 c6 14. Be3 h5 15.
Qd2 Na6 16. Rad1 Nc7 17. Qc2 b5 18. Qxe4 bxc4 19. Qxc6 Rb8 20. Bc1 Rb5 21. Qf3
Qc8 22. Qf2 Ra5 23. f5 Bxf5 24. Bxc4 Ne6 25. Bb3 Rf8 26. Qd2 Rb5 27. Qh6+ Kg8
28. Rxf5 Rxf5 29. Qxg6+ Kh8 30. Bxe6 1-0

[Event "Stroud Open"]
[Site "?"]
[Date "2001.05.26"]
[Round "2.10"]
[White "Garcia, J."]
[Black "Borkowski, Andrew"]
[Result "1-0"]
[WhiteElo "159"]
[BlackElo "141"]
[PlyCount "90"]
[EventDate "2001.05.28"]

1. e4 d5 2. exd5 Qxd5 3. Nc3 Qa5 4. d4 Nf6 5. Bc4 Bg4 6. f3 Bf5 7. Nge2 h5 8.
Bd2 c6 9. Nd5 Qd8 10. Nxf6+ gxf6 11. Bf4 e6 12. Bd3 Bxd3 13. Qxd3 Bd6 14. O-O-O
Bxf4+ 15. Nxf4 Qd6 16. Qe3 Nd7 17. d5 Qe5 18. Qxe5 fxe5 19. dxe6 Nc5 20. exf7+
Kxf7 21. Nd3 Nxd3+ 22. Rxd3 Rad8 23. Rhd1 Rxd3 24. Rxd3 Ke6 25. Kd2 b6 26. Ke3
Rg8 27. g3 Rg7 28. Rd8 Kf5 29. Rf8+ Kg6 30. Rc8 c5 31. Ke4 Rd7 32. Rc6+ Kg7 33.
Kxe5 Rd2 34. h4 Rxc2 35. Rc7+ Kg6 36. Rxa7 Rxb2 37. Rc7 Rxa2 38. Rc6+ Kg7 39.
Rxb6 Ra3 40. Kf4 c4 41. Rb4 c3 42. Rc4 Kg6 43. g4 Kf6 44. g5+ Kg7 45. Ke4 Rb3
1-0

[Event "Stroud Open"]
[Site "?"]
[Date "2001.05.26"]
[Round "2.1"]
[White "Hosken, N."]
[Black "Turner, Mathew"]
[Result "0-1"]
[WhiteElo "182"]
[BlackElo "238"]
[PlyCount "66"]
[EventDate "2001.05.28"]
[Source "David Tipper"]
[SourceDate "2001.01.01"]

1. d4 Nf6 2. c4 e6 3. Nc3 Bb4 4. Bg5 c5 5. d5 d6 6. e3 h6 7. Bh4 Bxc3+ 8. bxc3
e5 9. Qc2 Nbd7 10. Bd3 Qe7 11. f3 g5 12. Bf2 e4 13. Be2 Ne5 14. fxe4 Neg4 15.
Bxg4 Bxg4 16. e5 Qxe5 17. Nf3 Qe4 18. Qxe4+ Nxe4 19. Rc1 O-O-O 20. Rf1 Rde8 21.
Bg1 f5 22. Nd2 f4 23. Nxe4 Rxe4 24. Kd2 Rxc4 25. h4 Re8 26. hxg5 hxg5 27. Rfe1
Re5 28. exf4 Rxd5+ 29. Kc2 Rxf4 30. Be3 Bf5+ 31. Kb2 Rg4 32. Re2 Re5 33. Rce1
Rge4 0-1

[Event "Stroud Open"]
[Site "?"]
[Date "2001.05.26"]
[Round "2.3"]
[White "Devereaux, Max"]
[Black "White, S M."]
[Result "1/2-1/2"]
[WhiteElo "205"]
[BlackElo "168"]
[PlyCount "74"]
[EventDate "2001.05.28"]

1. Nf3 d5 2. b3 c5 3. e3 Nc6 4. Bb5 a6 5. Bxc6+ bxc6 6. O-O Bg4 7. Bb2 Nf6 8.
h3 Bh5 9. d3 e6 10. c4 Be7 11. Nc3 O-O 12. g4 Bg6 13. Ne5 Qc7 14. Na4 Rfd8 15.
Qe2 Nd7 16. f4 f6 17. Nxg6 hxg6 18. Rac1 Nb6 19. Nc3 a5 20. cxd5 cxd5 21. e4 d4
22. Nb5 Qb8 23. a4 c4 24. dxc4 Bc5 25. Qf3 e5 26. Kg2 Nd7 27. Rcd1 Qb6 28. f5
g5 29. h4 gxh4 30. Rh1 Kf7 31. Rxh4 Bb4 32. Rh7 Nc5 33. g5 Qc6 34. Nxd4 exd4
35. Rxd4 Rxd4 36. Bxd4 Qxe4 37. g6+ Kg8 1/2-1/2

[Event "Stroud Open"]
[Site "?"]
[Date "2001.05.26"]
[Round "2.4"]
[White "White, Ian R"]
[Black "Curnow, D."]
[Result "1/2-1/2"]
[WhiteElo "167"]
[BlackElo "193"]
[PlyCount "70"]
[EventDate "2001.05.28"]
[Source "David Tipper"]
[SourceDate "2001.01.01"]

1. e4 e5 2. Bc4 Nf6 3. d3 Nc6 4. Nf3 Bc5 5. c3 a6 6. O-O Ba7 7. Bb3 d6 8. Nbd2
b5 9. Re1 O-O 10. Nf1 Bb7 11. Bg5 h6 12. Bh4 Nb8 13. Ne3 Kh7 14. Ng4 Nxg4 15.
Bxd8 Nxf2 16. Qc2 Nxd3+ 17. Kf1 Nxe1 18. Rxe1 Rxd8 19. Bxf7 Nd7 20. Ke2 Rf8 21.
Bd5 c6 22. Be6 Nc5 23. Bf5+ g6 24. Bh3 Rf4 25. Kd1 Raf8 26. b4 Na4 27. Be6 R8f6
28. Bb3 Nb6 29. c4 Nd7 30. cxb5 axb5 31. a4 Bb6 32. a5 Ba7 33. Ba2 c5 34. Bd5
Bxd5 35. exd5 Rxb4 1/2-1/2

[Event "Stroud Open"]
[Site "?"]
[Date "2001.05.26"]
[Round "2.5"]
[White "George, R M."]
[Black "Sherwin, James"]
[Result "0-1"]
[WhiteElo "160"]
[BlackElo "208"]
[PlyCount "71"]
[EventDate "2001.05.28"]

1. d4 Nf6 2. Bg5 e6 3. e3 c5 4. Nf3 cxd4 5. exd4 d5 6. Bb5+ Bd7 7. Bd3 Nc6 8.
c3 Qc7 9. Nbd2 Bd6 10. Qc2 Rc8 11. Rc1 a6 12. a4 Qb8 13. Qd1 Ne7 14. O-O Ng6
15. Re1 Bf4 16. Bxf4 Nxf4 17. Bf1 Ng6 18. Ne5 Bc6 19. Ndf3 Qd6 20. Qb3 O-O 21.
g3 Ne4 22. Bd3 Nxe5 23. Nxe5 Nf6 24. Qd1 Rc7 25. f4 g6 26. a5 Bb5 27. Bxb5 axb5
28. Qb3 Qa6 29. Ra1 Ne4 30. Qd1 b6 31. axb6 Qxb6 32. Qg4 b4 33. cxb4 Qxd4+ 34.
Kg2 Qxb2+ 35. Kg1 Qd4+ 36. Kg2 0-1

[Event "Stroud Open"]
[Site "?"]
[Date "2001.05.26"]
[Round "2.6"]
[White "Ponter, Ian"]
[Black "Saunders, W N."]
[Result "0-1"]
[WhiteElo "162"]
[BlackElo "180"]
[Annotator "Tipper,D"]
[PlyCount "111"]
[EventDate "2001.05.28"]

1. e4 e6 2. d4 d5 3. Nc3 Nf6 4. Bg5 dxe4 5. Nxe4 Be7 6. Bxf6 gxf6 7. Nf3 Bd7 8.
Bd3 Bc6 9. Qe2 Nd7 10. O-O Nb6 11. c3 Qd7 12. Rfd1 O-O-O 13. b4 a6 14. Nc5 Bxc5
15. bxc5 Nd5 16. Qb2 Nf4 17. Ne1 Rhg8 18. Bf1 Qd5 19. f3 Qh5 20. Nd3 Nxd3 21.
Rxd3 Bxf3 22. Qf2 Be4 23. Rg3 Rg5 24. Be2 Qh4 25. Bf3 Bxf3 26. Qxf3 Rxg3 27.
hxg3 Qg5 28. Rb1 c6 29. Rf1 f5 30. Qf4 Qxf4 31. Rxf4 Rg8 32. Kf2 Rg6 33. Rh4 h6
34. Kf3 Kd7 35. Rh3 Ke7 36. Ke3 Kf6 37. Kf3 Kg5 38. Rh1 Rg7 39. Rb1 f6 40. a4
e5 41. Rd1 e4+ 42. Kf2 f4 43. Rh1 fxg3+ 44. Ke3 f5 45. Rh3 f4+ 46. Kxe4 Re7+
47. Kd3 Re1 48. c4 Rg1 49. d5 Rd1+ 50. Kc2 Rd4 51. Kc3 Re4 52. d6 Re8 53. Rh1
h5 54. Kd2 h4 55. Re1 Rf8 56. Re5+ {The remaining moves are not available} 0-1

[Event "Stroud Open"]
[Site "?"]
[Date "2001.05.26"]
[Round "2.7"]
[White "Young, A."]
[Black "Bareham, David"]
[Result "0-1"]
[WhiteElo "174"]
[BlackElo "140"]
[Annotator "Tipper,D"]
[PlyCount "96"]
[EventDate "2001.05.28"]

1. e4 c5 2. c3 d5 3. exd5 Qxd5 4. d4 Nc6 5. Nf3 Bg4 6. Be2 e6 7. c4 Qd7 8. d5
exd5 9. cxd5 Bxf3 10. Bxf3 Nd4 11. O-O Nxf3+ 12. Qxf3 Bd6 13. Bf4 Ne7 14. Bxd6
Qxd6 15. Nc3 O-O 16. Rad1 Qd7 17. Rfe1 Nf5 18. Qg4 Rad8 19. Ne4 Qc8 20. Rc1 Nd6
21. Qxc8 Nxc8 22. Rcd1 b6 23. g4 Rfe8 24. d6 Re6 25. Kf1 Rd7 26. f4 f6 27. f5
Re5 28. Kf2 Kf7 29. Kf3 Ke8 30. Kf4 Kd8 31. g5 $2 Nxd6 32. gxf6 gxf6 33. Rxd6
Rxd6 34. Rg1 Rd4 35. Re1 Kd7 36. Kf3 Rexe4 37. Rxe4 Rxe4 38. Kxe4 Kd6 39. a4 a6
40. b3 b5 41. axb5 axb5 42. h3 h5 43. h4 c4 44. bxc4 bxc4 45. Kd4 c3 46. Kxc3
Ke5 47. Kd3 Kxf5 48. Ke3 Kg4 0-1

[Event "Stroud Open"]
[Site "?"]
[Date "2001.05.26"]
[Round "2.8"]
[White "Price, A."]
[Black "Talbot, A R."]
[Result "0-1"]
[WhiteElo "149"]
[BlackElo "172"]
[PlyCount "58"]
[EventDate "2001.05.28"]
[Source "David Tipper"]
[SourceDate "2001.01.01"]

1. e4 c5 2. Nf3 d6 3. d4 cxd4 4. Nxd4 Nf6 5. Nc3 a6 6. Bg5 e6 7. f4 Nbd7 8. Qf3
Be7 9. O-O-O Qc7 10. Bd3 h6 11. Qh3 Nc5 12. f5 Bd7 13. fxe6 fxe6 14. Bxf6 Bxf6
15. Qh5+ Ke7 16. Nf5+ Kd8 17. Ng3 Qa5 18. Bc4 Bxc3 19. bxc3 Qxc3 20. Bb3 Rc8
21. Kb1 Rf8 22. Rhf1 Rxf1 23. Rxf1 Nxb3 24. cxb3 Qc2+ 25. Ka1 Qc3+ 26. Kb1 Qd3+
27. Ka1 Rc2 28. Qa5+ Ke7 29. Qh5 Qc3+ 0-1

[Event "Stroud Open"]
[Site "?"]
[Date "2001.05.27"]
[Round "3.2"]
[White "Sherwin, James"]
[Black "White, Ian R"]
[Result "1-0"]
[WhiteElo "208"]
[BlackElo "167"]
[PlyCount "159"]
[EventDate "2001.05.28"]

1. d4 Nf6 2. Nf3 g6 3. c4 Bg7 4. Nc3 d5 5. e3 c5 6. cxd5 Nxd5 7. Qb3 Nxc3 8.
bxc3 cxd4 9. cxd4 O-O 10. Bd2 Nc6 11. Rc1 Qb6 12. d5 Ne5 13. Qxb6 Nxf3+ 14.
gxf3 axb6 15. Bc4 Bh3 16. Ke2 b5 17. Bb3 Rfc8 18. Bb4 Kf8 19. Rhd1 Be5 20. f4
Bd6 21. Rxc8+ Rxc8 22. Bd2 e6 23. dxe6 Bxe6 24. Bxe6 fxe6 25. Rb1 e5 26. fxe5
Bxe5 27. f4 Bg7 28. Rxb5 Rc2 29. Kd3 Rxa2 30. Rxb7 Ra3+ 31. Ke4 Ra2 32. Rd7 h5
33. h3 Bf6 34. Kf3 g5 35. fxg5 Bxg5 36. Bb4+ Kg8 37. Rd5 Bf6 38. Rxh5 Kg7 39.
Bd6 Kg6 40. Rd5 Ra1 41. Bf4 Rh1 42. Kg4 Rg1+ 43. Bg3 Bc3 44. Kf3 Rh1 45. h4 Bf6
46. Kg4 Ra1 47. h5+ Kf7 48. Bf4 Rh1 49. Kg3 Rh4 50. Kf3 Rh1 51. Rb5 Ke6 52. Ke4
Rh4 53. h6 Kf7 54. Rb7+ Kg6 55. Rb6 Kf7 56. Kf3 Rh5 57. Ra6 Rh3+ 58. Ke4 Rh5
59. Kf3 Rh3+ 60. Kg2 Rh4 61. Kg3 Rh5 62. e4 Bd4 63. Kg4 Rh1 64. Rd6 Bf6 65. e5
Be7 66. Rb6 Rh4+ 67. Kf5 Rh5+ 68. Ke4 Rh4 69. Kf3 Rh3+ 70. Kg4 Rh4+ 71. Kg3 Rh5
72. Ra6 Rh1 73. Ra2 Ke6 74. Kg4 Rh4+ 75. Kg3 Kf5 76. Ra4 Bg5 77. Bxg5 Rxa4 78.
h7 Ra3+ 79. Kh4 Ra1 80. Kh5 1-0

[Event "Stroud Open"]
[Site "?"]
[Date "2001.05.27"]
[Round "3.1"]
[White "Turner, Mathew"]
[Black "Berry, S."]
[Result "1-0"]
[WhiteElo "238"]
[BlackElo "219"]
[PlyCount "65"]
[EventDate "2001.05.28"]

1. c4 e6 2. Nf3 b6 3. e4 Bb7 4. Nc3 Bb4 5. Qc2 Ne7 6. d4 O-O 7. Bd3 f5 8. O-O
Bxc3 9. bxc3 Qe8 10. Ba3 Rf6 11. Rae1 f4 12. e5 Rh6 13. Be4 Nbc6 14. d5 Na5 15.
dxe6 dxe6 16. Bxb7 Nxb7 17. Qe4 Nc5 18. Bxc5 bxc5 19. Qxf4 Qa4 20. Rd1 Rf8 21.
Qe4 Ng6 22. Rd2 Rh5 23. Qg4 Rhf5 24. Re1 Qe8 25. Re4 Qc6 26. h4 Nf4 27. Re3 Qa4
28. Ng5 Qc6 29. f3 Ng6 30. Qh5 h6 31. Qxg6 hxg5 32. hxg5 Qb6 33. Re4 1-0

[Event "Stroud Open"]
[Site "?"]
[Date "2001.05.27"]
[Round "3.13"]
[White "Beveridge, Nigel"]
[Black "McFarlane, P."]
[Result "1/2-1/2"]
[WhiteElo "153"]
[BlackElo "112"]
[PlyCount "60"]
[EventDate "2001.05.28"]

1. d4 f5 2. Nf3 Nf6 3. g3 g6 4. Bg2 Bg7 5. O-O O-O 6. c4 d6 7. b4 Qe8 8. Bb2
Ne4 9. Nbd2 Nxd2 10. Qxd2 e5 11. dxe5 dxe5 12. Nxe5 c6 13. Nd3 Be6 14. Bxg7
Kxg7 15. Qc3+ Kg8 16. Nc5 Qf7 17. Nxe6 Qxe6 18. Rad1 Nd7 19. b5 Nf6 20. bxc6
bxc6 21. e3 Rfd8 22. Rd4 c5 23. Rxd8+ Rxd8 24. Qa5 Qe7 25. h3 Ne4 26. Rb1 Rd7
27. Rb8+ Kf7 28. Rb1 Kg8 29. Rc1 Nxg3 30. Qe1 Ne4 1/2-1/2

[Event "Stroud Open"]
[Site "?"]
[Date "2001.05.27"]
[Round "3.3"]
[White "Talbot, A R."]
[Black "Devereaux, Max"]
[Result "0-1"]
[WhiteElo "172"]
[BlackElo "205"]
[Annotator "Tipper,David"]
[PlyCount "71"]
[EventDate "2001.05.28"]
[Source "David Tipper"]
[SourceDate "2001.01.01"]

1. d4 d5 2. c4 c6 3. Nf3 Nf6 4. Nc3 dxc4 5. a4 Bf5 6. e3 e6 7. Bxc4 Bb4 8. O-O
O-O 9. Nh4 Nbd7 10. f3 c5 11. e4 Bg6 12. Nxg6 hxg6 13. Na2 Qb6 14. Bb5 a6 15.
Bxd7 Nxd7 16. Nxb4 Qxb4 17. Be3 Rfd8 18. Ra3 c4 19. Qc2 b5 20. Rd1 Rac8 21. Bf2
Qe7 22. axb5 axb5 23. Ra7 Ra8 24. Rda1 Rxa7 25. Rxa7 Qd6 26. Qc3 Nb8 27. Bg3
Qb6 28. Bxb8 Rxb8 (28... Rxd4 $18) 29. Rd7 Qc6 30. Ra7 b4 31. Qc2 c3 32. bxc3
bxc3 33. Ra3 Rc8 34. Ra1 Qc4 35. Rd1 Ra8 36. Rd3 0-1

[Event "Stroud Open"]
[Site "?"]
[Date "2001.05.27"]
[Round "3.4"]
[White "Curnow, D."]
[Black "White, S M."]
[Result "1-0"]
[WhiteElo "193"]
[BlackElo "168"]
[PlyCount "39"]
[EventDate "2001.05.28"]
[Source "David Tipper"]
[SourceDate "2001.01.01"]

1. e4 e6 2. d4 d5 3. Nc3 Bb4 4. exd5 exd5 5. Bd3 Ne7 6. Qh5 Qd6 7. Nge2 c6 8.
O-O Nd7 9. Bf4 Qe6 10. Rae1 Nf6 11. Qg5 h6 12. Qxg7 Rg8 13. Qxh6 Qg4 14. Ng3
Nh5 15. Bd6 Bxd6 16. Qxd6 Be6 17. Rxe6 fxe6 18. Be2 Qxd4 19. Bxh5+ Kf8 20. Re1
1-0

[Event "Stroud Open"]
[Site "?"]
[Date "2001.05.27"]
[Round "3.5"]
[White "Saunders, W N."]
[Black "Bareham, David"]
[Result "1-0"]
[WhiteElo "180"]
[BlackElo "140"]
[PlyCount "77"]
[EventDate "2001.05.28"]
[Source "David Tipper"]
[SourceDate "2001.01.01"]

1. Nf3 g6 2. d4 Nf6 3. g3 Bg7 4. Bg2 O-O 5. O-O c6 6. c4 d6 7. b3 Qc7 8. Bb2
Re8 9. Nc3 e5 10. d5 c5 11. e4 h6 12. Nd2 Qe7 13. Qe2 a6 14. a3 Nbd7 15. b4 Rf8
16. Nb3 Ne8 17. bxc5 Nxc5 18. Nxc5 dxc5 19. Rab1 Nd6 20. Na4 Qc7 21. Bc3 Rb8
22. Nb6 f5 23. f3 f4 24. g4 Bd7 25. a4 Nc8 26. a5 Rf6 27. Nxd7 Qxd7 28. Bxe5
Nd6 29. Bxf6 Bxf6 30. e5 Re8 31. e6 Qe7 32. Qd3 Bd4+ 33. Kh1 Kg7 34. Rb6 Rh8
35. Rfb1 h5 36. g5 h4 37. Rxd6 Qxd6 38. Rxb7+ Kg8 39. Qxg6+ 1-0

[Event "Stroud Open"]
[Site "?"]
[Date "2001.05.27"]
[Round "3.6"]
[White "Taylor, Geoff P"]
[Black "Hosken, N."]
[Result "0-1"]
[WhiteElo "162"]
[BlackElo "182"]
[Annotator "Tipper,D"]
[PlyCount "79"]
[EventDate "2001.05.28"]
[Source "David Tipper"]
[SourceDate "2001.01.01"]

1. e4 c5 2. Nf3 Nc6 3. d4 cxd4 4. Nxd4 Nf6 5. Nc3 e5 6. Ndb5 d6 7. Nd5 Nxd5 8.
exd5 Ne7 9. c4 Ng6 10. Be2 Be7 11. g3 a6 12. Nc3 Bh3 13. Bg4 Bxg4 14. Qxg4 O-O
15. O-O f5 16. Qe2 e4 17. f4 exf3 18. Rxf3 Ne5 19. Rf1 Rc8 20. b3 b5 21. Bf4
Bf6 22. Rac1 bxc4 23. Bxe5 Bxe5 24. bxc4 Qg5 25. Kh1 h5 26. Na4 h4 27. gxh4
Qxh4 28. Nb6 Rc7 29. c5 Re7 30. Rc4 Qf6 31. c6 Bd4 32. Nd7 Rxe2 33. Nxf6+ Bxf6
34. c7 Rc8 35. Rb1 Ree8 36. Rb6 Be5 37. Rxa6 Kf7 38. a4 Ke7 39. a5 Kd7 40. Ra7
{The remaining moves are not available} 0-1

[Event "Stroud Open"]
[Site "?"]
[Date "2001.05.27"]
[Round "3.7"]
[White "Deva, C."]
[Black "Garcia, J."]
[Result "1-0"]
[WhiteElo "173"]
[BlackElo "159"]
[PlyCount "75"]
[EventDate "2001.05.28"]
[Source "David Tipper"]
[SourceDate "2001.01.01"]

1. d4 c5 2. c3 e6 3. Nf3 d5 4. Bf4 Nc6 5. e3 Nf6 6. Bd3 cxd4 7. exd4 Bd6 8.
Bxd6 Qxd6 9. O-O O-O 10. Qe2 Nd7 11. Re1 g6 12. Nbd2 b6 13. h4 Re8 14. Qe3 e5
15. dxe5 Ncxe5 16. Nxe5 Rxe5 17. Qd4 Bb7 18. Nf3 Rxe1+ 19. Rxe1 Nf6 20. Re3 Re8
21. Ne5 Re6 22. Bf1 Nd7 23. Ng4 f6 24. h5 Rxe3 25. Qxe3 Ne5 26. Qg3 Kf7 27.
hxg6+ hxg6 28. Nh6+ Ke7 29. f4 Qc5+ 30. Kh2 Nc4 31. Qxg6 Bc6 32. Qg7+ Kd8 33.
Qxf6+ Kc7 34. Bxc4 dxc4 35. Qe5+ Qxe5 36. fxe5 Kd7 37. Nf5 Be4 38. Nd4 1-0